| 000 | 00481nam a2200169 4500 | ||
|---|---|---|---|
| 001 | 123769 | ||
| 003 | ES-MaACL | ||
| 005 | 20230906192232.0 | ||
| 007 | t| | ||
| 008 | 070214s1971 sp r ||||1| spa d | ||
| 100 | 1 |
_aRama Rau, Santha. _995060 |
|
| 245 | 1 | 3 |
_aLa aventurera / _cSantha Rama Rau ; traducción Isabel Ulsamer. |
| 260 |
_aBarcelona : _bEdisven, _c1971. |
||
| 300 |
_a314 p. ; _c21 cm. |
||
| 700 | 1 |
_aUlsamer, Isabel. _9111960 |
|
| 852 |
_aES-MaACL _jC-39031 _bR.77494 |
||
| 999 |
_c123769 _d123769 |
||